Writing skills

Tallennettuna:
Bibliografiset tiedot
Päätekijä: McCarter, Sam
Aineistotyyppi: Kirja
Kieli:Undetermined
Julkaistu: New York Macmillan 2007
Aiheet:
Tagit: Lisää tagi
Ei tageja, Lisää ensimmäinen tagi!
Thư viện lưu trữ: Trung tâm Học liệu Trường Đại học Cần Thơ
LEADER 00627nam a2200205Ia 4500
001 CTU_181094
008 210402s9999 xx 000 0 und d
020 |c 202000 
082 |a 808.042 
082 |b M164 
100 |a McCarter, Sam 
245 0 |a Writing skills 
245 0 |c Sam McCarter, Norman Whitby 
260 |a New York 
260 |b Macmillan 
260 |c 2007 
650 |a English language,Trung tâm Học liệu ĐHCT 
650 |x Rhetoric,Study and teaching,Ngôn ngữ Anh,Tu từ học,Học và giảng dạy 
910 |a le cam van 
980 |a Trung tâm Học liệu Trường Đại học Cần Thơ